00361nam a2200121Ia 4500008004100000082002100041100001400062245004100076260003400117365000600151630004100157730004100198100415s9999 xx 000 0 und d b10057a574.9(56) aSultanate aThe Oman Flora And Fauna Survey 1975 aOMANc1977bSultanate Of Oman b0 aThe Oman Flora And Fauna Survey 1975 aThe Oman Flora And Fauna Survey 1975